| 000 | 00314 a2200133 4500 | ||
|---|---|---|---|
| 999 |
_c321504 _d321504 |
||
| 001 | 86431 | ||
| 003 | NUST | ||
| 005 | 20180122135116.0 | ||
| 008 | 180122b xxu||||| |||| 00| 0 eng d | ||
| 020 | _a9789699473210 | ||
| 082 | _a954 MAS | ||
| 100 |
_aKhwaja Masud _99489 |
||
| 245 |
_aLessons of my Life _cKhwaja Masud _hEnglish |
||
| 260 |
_aLahore _bILQA Publications |
||
| 300 | _ax+125p | ||
| 942 |
_aAHQ _cBK _k954 MAS _2ddc |
||